Orthopedic Physical Assessment / Musculoskeletal Rehabitation Series: Fifth Edition (Record no. 5909)
[ view plain ]
| 000 -LEADER | |
|---|---|
| fixed length control field | 01048cam a22002054a 4500 |
| 005 - ΗΜΕΡΟΜΗΝΙΑ ΚΑΙ ΩΡΑ ΤΕΛΕΥΤΑΙΑΣ ΕΝΗΜΕΡΩΣΗΣ | |
| Πεδίο ελέγχου | 20250605164225.0 |
| 008 - FIXED-LENGTH DATA ELEMENTS--GENERAL INFORMATION | |
| Πεδίο ελέγχου σταθερού μήκους | 250528s ||||||||||||||||||||||||d |
| 035 ## - SYSTEM CONTROL NUMBER | |
| System control number | 20827 |
| 020 ## - ISBN | |
| ISBN | 9780721605715 |
| 040 ## - ΠΗΓΗ ΚΑΤΑΛΟΓΟΓΡΑΦΗΣΗΣ | |
| Φορέας πρωτότυπης καταλογογράφησης | MC Athens Campus Library |
| Γλώσσα καταλογογράφησης | Ελληνικά, Μοντέρνα (1453-) |
| Modifying agency | MC Athens Campus Library |
| Κανόνες περιγραφικής καταλογογράφησης | AACR2 |
| 245 1# - ΤΙΤΛΟΣ ΚΑΙ ΔΗΛΩΣΗ ΥΠΕΥΘΥΝΟΤΗΤΑΣ | |
| Τίτλος | Orthopedic Physical Assessment / Musculoskeletal Rehabitation Series: Fifth Edition |
| 250 ## - EDITION STATEMENT | |
| Edition statement | 5th |
| 260 ## - PUBLICATION, DISTRIBUTION, ETC. | |
| Name of publisher, distributor, etc. | Saunders Elsevier, |
| Date of publication, distribution, etc. | 2008 |
| 300 ## - PHYSICAL DESCRIPTION | |
| Extent | 1142 |
| 520 ## - SUMMARY, ETC. | |
| Summary, etc. | This book offers a straightforward, systematic approach to performing neuro musculoskeletal assessment and explains the rationale behind various aspects of the assessment. Principles and Concepts, Head and Face, Cervical Spine, Temporomandibular Joint, Shoulder, Elbow, Forearm and Wrist and Hand, Thoracic (Dorsal) Spine, Lumbar Spine, Pelvis, Hip, Knee, Lower Leg and Ankle and Foot, Assessment of Gait, Assessment of Posture, Assessment of the Amputee, Primary Care Assessment, Emergency Sports Assessment. |
| 700 1# - ΠΡΟΣΘΕΤΗ ΑΝΑΓΡΑΦΗ--ΦΥΣΙΚΟ ΠΡΟΣΩΠΟ | |
| Personal name | Magee David J |
| 9 (RLIN) | 6798 |
| 942 ## - ADDED ENTRY ELEMENTS (KOHA) | |
| Koha item type | Books |
| Τύπος τεκμηρίου | Βιβλιοθήκη | Τρέχουσα τοποθεσία | Barcode | Αριθμός εισαγωγής | Ημερομηνία απόκτησης | Ταξιθετικό σύμβολο | Αριθμός αντιτύπου | Κατάσταση απόσυρσης | Κατάσταση χαμένου | Κατάσταση κατεστραμμένου | Μη δανεισμός | Σύνολο δανεισμών | Ημερομηνία τελευταίας εμφάνισης | Η τιμή ισχύει από |
|---|---|---|---|---|---|---|---|---|---|---|---|---|---|---|
| Books | MC Athens Campus Library | MC Athens Campus Library | 9780000059086 | 6401 | 05/06/2025 | REF 617.3 MAG | 1 | 05/06/2025 | 05/06/2025 |